Statistiques concernant Filmographie de Wim Wenders (fiction)

Cliquez ici pour prendre le quiz!

Statistiques générales

  • Ce quiz a été pris 7 fois
  • Le résultat moyen est 5 sur 25

Statistiques - réponses

SortieTitre français du film% Correct
1987Les Ailes du désir
86%
1984Paris, Texas
86%
1974Alice dans les villes
57%
1977L'Ami américain
57%
2023Perfect Days
43%
1982Hammett
29%
1991Jusqu'au bout du monde
29%
1972L'Angoisse du gardien de but au moment du penalty
29%
1982L'État des choses
29%
1993Si loin, si proche !
29%
1973La Lettre écarlate
14%
1976Au fil du temps
0%
2005Don't Come Knocking
0%
2015Every Thing Will Be Fine
0%
1975Faux Mouvement
0%
2004Land of Plenty
0%
2016Les Beaux Jours d'Aranjuez
0%
1995Les Lumière de Berlin
0%
1994Lisbonne Story
0%
1995{Par-delà les nuages} (co-réalisé)
0%
2008Rendez-vous à Palerme
0%
2017Submergence
0%
1970Summer in the City
0%
1997The End of Violence
0%
2000The Million Dollar Hotel
0%

Distribution des résultats

Percentile par nombre de réponses

% des personnes avec chaque résultat

Votre développement - résultats

Vous n’avez pas pris ce quiz